Statystyki dla Państwa z największą liczbą dzikich słoni

Kliknij tutaj aby rozwiązać quiz!

Ogólne statystyki

  • Ten quiz został rozwiązany 7 128 razy
  • Średni wynik to 11 z 21

Statystyki odpowiedzi

SłonieKraj% Poprawnych
19 000Południowa Afryka
87%
29 000Indie
85%
23 000Kenia
75%
6 000Kongo
75%
51 000Tanzania
66%
22 000Zambia
61%
83 000Zimbabwe
61%
11 000Mozambik
59%
130 000Botswana
57%
23 000Namibia
57%
4 900Uganda
54%
2 900Tajlandia
53%
2 900Indonezja
49%
6 800Kamerun
45%
4 500Mjanma
41%
7 100Gabon
40%
2 600Malezja
39%
7 100Sudan Południowy
36%
3 800Sri Lanka
32%
3 000Benin
18%
6 900Burkina Faso
17%

Rozkład punktacji

Percentyl według liczby udzielonych odpowiedzi

Procent ludzi z każdym wynikiem

Twoja historia wyników

Nie rozwiązałeś tego quizu